| LEADER | 01348nam a2200229 4500 | ||
|---|---|---|---|
| 082 | |a 807.1 |b NG517H | ||
| 100 | |a Nguyễn Hải Châu | ||
| 245 | |a Giới thiệu giáo án Ngữ văn 11 |c Nguyễn Hải Châu, Nguyễn Khắc Đàm, Nguyễn Trọng Hoàn |n T.1 | ||
| 260 | |a H. |b Hà Nội |c 2007 | ||
| 300 | |a 240 tr. |c 24 cm. | ||
| 520 | |a v.v... | ||
| 653 | |a Văn học | ||
| 653 | |a Ngữ văn | ||
| 653 | |a Lớp 11 | ||
| 653 | |a Giáo án | ||
| 942 | |2 ddc |c STK0 | ||
| 999 | |c 9003 |d 9003 | ||
| 952 | |0 0 |1 0 |2 ddc |4 0 |6 807_100000000000000_NG517H |7 0 |8 800 |9 73779 |a qbu |b qbu |c D5 |d 2015-05-04 |g 38000 |l 4 |m 1 |o 807.1 NG517H |p 8413.c1 |r 2018-12-14 |s 2018-12-04 |w 2015-05-04 |y STK0 | ||
| 952 | |0 0 |1 0 |2 ddc |4 0 |6 807_100000000000000_NG517H |7 0 |8 800 |9 73780 |a qbu |b qbu |c D5 |d 2015-05-04 |g 38000 |l 6 |m 3 |o 807.1 NG517H |p 8413.c2 |r 2016-11-28 |s 2016-11-17 |w 2015-05-04 |y STK0 | ||
| 952 | |0 0 |1 0 |2 ddc |4 0 |6 807_100000000000000_NG517H |7 0 |8 800 |9 73781 |a qbu |b qbu |c D5 |d 2015-05-04 |g 38000 |l 5 |m 2 |o 807.1 NG517H |p 8413.c3 |r 2017-12-12 |s 2017-11-29 |w 2015-05-04 |y STK0 | ||
| 952 | |0 0 |1 0 |2 ddc |4 0 |6 807_100000000000000_NG517H |7 0 |8 800 |9 73782 |a qbu |b qbu |c D5 |d 2015-05-04 |g 38000 |l 7 |o 807.1 NG517H |p 8413.c4 |r 2017-10-30 |s 2017-10-18 |w 2015-05-04 |y STK0 | ||
| 952 | |0 0 |1 0 |2 ddc |4 0 |6 807_100000000000000_NG517H |7 0 |8 800 |9 73783 |a qbu |b qbu |c D5 |d 2015-05-04 |g 38000 |l 4 |m 3 |o 807.1 NG517H |p 8413.c5 |r 2016-11-23 |s 2016-11-22 |w 2015-05-04 |y STK0 | ||